Análisis de situación actual y recomendaciones para el diseño de la planta de tratamiento de aguas residuales en Carmen Lyra de Turrialba
Na minha lista:
| Autor principal: | |
|---|---|
| Formato: | Livro |
| Idioma: | Spanish |
| Publicado em: |
[San José], Costa Rica
2012
|
| Assuntos: |
PLANTAS PARA TRATAMIENTO DE AGUAS RESIDUALES - DISEÑO Y CONSTRUCCION - TURRIALBA (CARTAGO, COSTA RICA)
> CALIDAD DEL AGUA - ANALISIS
> ANALISIS DE AGUAS RESIDUALES
> PURIFICACION DE AGUAS RESIDUALES
> FILTROS ANAEROBICOS
> PLANTAS PARA TRATAMIENTO DE AGUAS RESIDUALES - ASPECTOS AMBIENTALES
> PLANTAS PARA TRATAMIENTO DE AGUAS RESIDUALES - ASPECTOS ECONOMICOS
> PURIFICACION DE AGUAS RESIDUALES - ASPECTOS LEGALES
> PLANTAS PARA TRATAMIENTO DE AGUAS RESIDUALES - ASPECTOS SOCIALES
|
| Tags: |
Adicionar Tag
Sem tags, seja o primeiro a adicionar uma tag!
|
MARC
| LEADER | 00000nam a22000007a 4500 | ||
|---|---|---|---|
| 003 | 010807 | ||
| 005 | 20221231143926.0 | ||
| 008 | 151029b2012 cr a|||| |||| 00| 0 spa d | ||
| 040 | |c cru CEDI | ||
| 090 | |a TFG 6630 | ||
| 100 | |9 1895 |a Arias Molina, Raquel María | ||
| 245 | |a Análisis de situación actual y recomendaciones para el diseño de la planta de tratamiento de aguas residuales en Carmen Lyra de Turrialba | ||
| 260 | |a [San José], Costa Rica |c 2012 | ||
| 500 | |a Proyecto de graduación (licenciatura en ingeniería)--Universidad de Costa Rica. Facultad de Ingeniería. Escuela de Ingeniería Civil | ||
| 650 | |x PLANTAS PARA TRATAMIENTO DE AGUAS RESIDUALES - DISEÑO Y CONSTRUCCION - TURRIALBA (CARTAGO, COSTA RICA) |x CALIDAD DEL AGUA - ANALISIS |x ANALISIS DE AGUAS RESIDUALES |x PURIFICACION DE AGUAS RESIDUALES |x FILTROS ANAEROBICOS |x PLANTAS PARA TRATAMIENTO DE AGUAS RESIDUALES - ASPECTOS AMBIENTALES |x PLANTAS PARA TRATAMIENTO DE AGUAS RESIDUALES - ASPECTOS ECONOMICOS |x PURIFICACION DE AGUAS RESIDUALES - ASPECTOS LEGALES |x PLANTAS PARA TRATAMIENTO DE AGUAS RESIDUALES - ASPECTOS SOCIALES |9 1896 | ||
| 942 | |c TFG | ||
| 999 | |c 14320 |d 14320 | ||
